Taylor Swift - Devine les chansons par leurs 1ère phrases #1 - Statistiques

Statistiques générales
  • Ce quiz a été pris 508 fois
  • Le résultat moyen est 7 sur 15
Statistiques - réponses
Hint Réponse % Correct
I don't like your little games Look What You Made Me Do
79%
Rebekah rode up on the afternoon train, it was sunny the last great american dynasty
73%
He is sensible and so incredible The Way I Loved You
69%
It feels like a perfect night 22
66%
Was any of it true? The Smallest Man Who Ever Lived
65%
People like you always want back the love they gave away All You Had to Do Was Stay
61%
I forget how the West was won But Daddy I Love Him
53%
I used to think one day we'd tell *** The Story of Us
47%
The moon is high Paper Rings
45%
When the morning came we were cleaning incense off your vinyl shelf Maroon
44%
You went to a party Now That We Don’t Talk
39%
You brush past me in the hallway I Can See You
30%
He said the way my blue eyes shined Tim McGraw
30%
If I wanted to know who you were hanging with ‘tis the damn season
27%
My winter nights are taken up by static Christmas Tree Farm
12%
Aucun quiz correspondant
Distribution des résultats
% des personnes avec chaque résultat
Percentile par nombre de réponses
Votre historique - résultats
Vous n’avez pas pris ce quiz